Economía : ¿una ciencia, muchas o ninguna?. vida y opiniones de los principales economistas /
Guardado en:
| Autor Principal: | |
|---|---|
| Formato: | Libro |
| Publicado: |
Buenos Aires :
Fondo de Cultura Económica,
1994
|
| Materias: | |
| Etiquetas: |
Agregar Etiqueta
Sin Etiquetas, Sea el primero en etiquetar este registro!
|
| LEADER | 00971nam a22001935a 4500 | ||
|---|---|---|---|
| 001 | CEM.cems014440 | ||
| 005 | 20140715161957.0 | ||
| 008 | 130507s1994##################000#0#####d | ||
| 003 | CEMS | ||
| 020 | |a 9505572018 | ||
| 082 | 0 | 4 | |a 330 |
| 100 | 1 | |a Pablo, Juan Carlos de | |
| 245 | 1 | 0 | |a Economía : |b ¿una ciencia, muchas o ninguna?. vida y opiniones de los principales economistas / |c Juan Carlos de Pablo |
| 260 | |a Buenos Aires : |b Fondo de Cultura Económica, |c 1994 | ||
| 300 | |a 311 p. | ||
| 505 | 0 | |a Vida : Por qué economista. Familia. De quién se acuerdan. Los economistas disimulas pero son seres vivos -- Ideas: La economía como disciplina. Los economistas. Análisis económico y política económica. Enseñanza de la economía. Temas "populares" entre los economistas. Temas específicos -- Miscelánea: Comportamiento sexual de los economistas. Otros temas | |
| 653 | |a Economía | ||
| 653 | |a Historia | ||
| 859 | |a CEMS |b BIB. CEMS - 11 de abril |h 330 |i P112-1 |p 26996.14 |t Ej.1 | ||
